Quizzes
Events
Quiz Creation
Community
Videos
Private Events
Remove Ads
Sign In
Join for FREE
Feedback
Dark Mode
Quiz Categories
Sports
Geography
Music
Movies
Television
Just For Fun
Miscellaneous
History
Literature
Language
Science
Gaming
Entertainment
Religion
Holiday
For Kids
Quiz Lab
Recent
Popular Today
Quiz Kudos Today
Editor Picks
Curator Picks
Quizzes by...
Day
Popularity
Type
Ratings
Length
Year
Community
Subscriptions
Recent Discussions
Orange Saloon
Badges
Playlists
Quests
Create
Leaderboards
Showdown
Live 5
Trivia Bingo
Activity
Puzzle Library
Sporcle Events
Private Events
Virtual Trivia
Globe League
Become a Host
Pub Owners
SporcleCon
Opinionation
Our Games
Videos
Blog
Mobile Apps
Partnerships
Remove Ads and Go Orange
Feedback
Music
Pop Music
The Beatles
Song
Album
Lyrics
Bands
Singers
Artist
Clip
Rock
Rap
Classical
Billboard
Country Music
Kpop
Taylor Swift
Music
Pop Music
The Beatles
Song
Album
Lyrics
Bands
Singers
Artist
Clip
Rock
Rap
Classical
Billboard
Country Music
Kpop
Taylor Swift
Random Quiz
Search Sporcle
×
Quiz Lab
Quiz Lab
Music
Classical
Type in answers that appear in a list
Type in answers that appear in a list
Classic
Best Score? Go Orange.
A-Level Music Stats
Can you name the facts about A-level music?
By
megan_steinberg
15m
30 Questions
39 Plays
39 Plays
39 Plays
Comments
Comments
Give Quiz Kudos
Give Quiz Kudos
-
- Ratings
hide this ad
More Info
Random Order
Randomize order of answers
Randomize order of answers
Replay
Link that replays current quiz
Next Quiz
Link to next quiz in quiz playlist
You Got
0%
They Got
Avg Score
40%
Avg Friend Score
Upgrade to see
Score Distribution
Jump to the score distribution portion of the page
Score
0/30
Timer
15:00
0
Plays Today
Question
Answer
% Correct
What era is Corelli's 'Trio Sonata in D' from?
Baroque
71.8%
What interval idea does Berlioz use from his Idee Fixe in the serenade melody?
Falling 3rd
53.8%
What type of piece is 'Sing we at Pleasure?'
Madrigal
53.8%
What style is Stravinsky's 'Symphony of Psalms?'
Neo-classical
51.3%
What technique is heard in the bassoon in 'Harold in Italy' at bars 1 to 31?
Pedal
48.7%
What year did The Beatles release 'A Day in the Life?'
1967
46.2%
What year did Beethoven write 'Septet in Eb?'
1799
43.6%
What is the ornament at the end of Beethoven's first subject?
Turn
43.6%
What is unusual about Stravinsky's instrumentation?
No violin, viola or clarinet
43.6%
What year did Stravinsky write 'Symphony of Psalms?'
1930
41%
What year did Carl Perkins release 'Honey Don't'
1956
41%
What note is the Saltarello melody based around in 'Harold in Italy?'
E
41%
What is the most prominent interval in Schumann's 'Von Fremden Landern und Menschen?'
Minor 6th
41%
Describe the texture of the first bar of Beethoven's septet?
Tutti
41%
On what word does word painting occur in verse 1 of the Beatles' 'A Day in the Life'
Sad/Laugh
41%
Question
Answer
% Correct
What year did Berlioz write 'Harold in Italy?'
1834
38.5%
What is the form of Schumann's 'Furchtenmachen?'
Symmetrical Rondo
38.5%
What is the interval between the bass and the first soprano at bar 16 beat 3 of 'Sing we at Pleasure?'
Tritone
38.5%
What scale is heard in the soprano parts in bars 36 to 43 of 'Sing we at Pleasure?'
G major
38.5%
What harmonic device is heard in the alto line at bar 52 of 'Sing we at Pleasure?'
Suspension
38.5%
What is the texture created in Corelli's 'Trio Sonata' between the violin and the violone?
Polarised
38.5%
What year did Schumann write 'Kinderscenen?'
1838
35.9%
What year did Weelkes write 'Sing we at Pleasure?'
1598
35.9%
What year did Corelli write 'Trio Sonata in D?'
1689
35.9%
What is the rhythmic device used in the Alto and Tenor lines in bars 65 to 69 of 'Symphony of Psalms?'
Hocket
35.9%
What unrelated key is modulated to in Schumann's 'Hasche-
Mann?'
C major
33.3%
Describe the texture of bars 46 to 49 in the Septet?
Antiphonal exchange
33.3%
What are the 3 main melodic ideas in 'Harold in Italy?'
Serenade Saltarello Idee Fixe
30.8%
What is the cadence and key in bars 28 to 29 of the Septet?
Perfect Bb
28.2%
What year did Haydn write 'My Mother Bids me Bind my Hair?'
1794
25.6%
Quiz Playlist
Details
Report
Send in Message
Add To Playlist
More Info:
Edexcel GCE music quiz. Have your anthology and the recordings at the ready!
Classic:
Type in answers that appear in a list
Random Order:
Randomize order of answers
Last Updated: Feb 16, 2017
Quiz Scoreboard
CHALLENGE
Sign Up to Join the Scoreboard
Show All
Scores
Hide
Comments
May contain spoilers
Recently Published
NBA Finals Game Top Scorers (2010s)
by flibbidy
Sports
5m
Guess the 'R' Things in 3 Words
by MSUKent
Miscellaneous
3m
Actor to Badly Drawn Movie III
by MoMosMoProblems
Movies
5m
More to Explore
Quiz From the Vault
Featured Blog Post
Where Does Lost Luggage Go?
hide this ad
You Might Also Like...
Tags
Classical Quiz
Beethoven
Exam
Today's Top Quizzes in Music
Browse Music
hide this ad
Today's Top Quizzes in Classical
Browse Classical
Top Contributed Quizzes in Music
1
Taylor Swift All Songs (2024)
2
Image Sorting: Rock Albums II
3
Image Sorting: Rock Albums III
4
Image Sorting: Rock Albums IV
5
Image Sorting: Rock Albums V
6
Image Sorting: Rock Albums VI
7
Taylor Swift Logic Puzzle
8
Adjectives in 80s Songs
9
Image Sorting: Album Titles
10
Nickname Match: Musicians
Explore More
Trending Topics
Marvel
Anime
NBA
Crossword
Harry Potter
Kpop
Disney
NFL
WWE
Country
Pokémon
Song
Soccer
Puzzle
The Office
hide this ad
More By:
megan_steinberg
Quiz
Plays
Rating
Category
Featured
Created
A-Level Music
39
Music
May 6, 2012
A-Level Music Textures
25
Music
May 7, 2012
Go to Creator's Profile
Score Distribution
Quiz Creator Spotlight
megan_steinberg
Follow
Send a Message
Quizzes Created
-
Created Quiz Play Count
-
More By This Creator
Popular Quizzes Today
1
Find the US States - No Outlines Minefield
2
Find the US States
3
The Countries of the World
4
10 Largest US States in Order
5
Find the Countries of Europe - No Outlines Minefield
6
US States
7
Guess the 'R' Things in 3 Words
8
NBA Finals Game Top Scorers (2010s)
More Music Quizzes
Bob Dylan Forename Match (I)
Quiz Lab
Trending Quizzes
First Name TV: Leading Men
First Name TV: Leading Women Drama
Match the Book to the Film II
Pick A Pair: Religious TV
Match the Book to the Film VI
Recently Updated
Women's Final Four Teams by Year
bhenderson79
Presidents Quartet II
eogle
Anything But Clue(do)
eogle
Anything But Oceanian Capitals
eogle
Anything But 7
eogle
Anything But Thing
eogle
Word Ladder: February 29
pecheneg
Song Title Questions
pecheneg
Women's NCAA Tournament #1 Seeds
pecheneg
Celebrity Mug Shots
pecheneg
Trending Topics
Crossword
Kpop
NBA
Marvel
Harry Potter
Disney
Anime
NFL
Country
Song
The Office
Puzzle
Soccer
Pokémon
WWE
Your Account Isn't Verified!
In order to create a playlist on Sporcle, you need to verify the email address you used during registration. Go to your
Sporcle Settings
to finish the process.
Report this User
Report this user for behavior that violates our
Community Guidelines
.
Details:
Send Report
Go to the Sporcle.com Mobile Site →
Comments